[Event "1.Deut.ChessOrgAmatPok Voelklingen GrC"]
[Site "?"]
[Date "2000.10.13"]
[Round "8"]
[White "Kuhn, Heinz"]
[Black "Conrad, Egon"]
[Result "1-0"]
[WhiteElo "1678"]
[BlackElo "1643"]
[PlyCount "57"]
[EventDate "2000.??.??"]

1. b4 c6 2. c4 e6 3. Bb2 Nf6 4. b5 a6 5. a4 axb5 6. cxb5 d5 7. e3 Be7 8. Nf3
O-O 9. Nc3 c5 10. Bd3 Nbd7 11. Bb1 b6 12. d4 Bb7 13. O-O h6 14. Qd3 Re8 15. Ne5
c4 16. Qc2 Nf8 17. f4 N6d7 18. Rf3 f5 19. Ba3 Nxe5 20. fxe5 Bxa3 21. Rxa3 g5
22. Rh3 Kg7 23. Qe2 Nd7 24. Qh5 Rh8 25. g4 fxg4 26. Qg6+ Kf8 27. Ra2 Nf6 28.
Rf2 gxh3 29. Rxf6+ 1-0

[Event "1.Deut.ChessOrgAmatPok Voelklingen GrC"]
[Site "?"]
[Date "2000.10.13"]
[Round "8"]
[White "Rossmanith, Frederic"]
[Black "Schroeder, Werner"]
[Result "1/2-1/2"]
[WhiteElo "1450"]
[BlackElo "1620"]
[PlyCount "47"]
[EventDate "2000.??.??"]

1. e4 e5 2. Nf3 Nc6 3. Bb5 Nf6 4. O-O Nxe4 5. d4 a6 6. Bxc6 dxc6 7. Nxe5 Be7 8.
Re1 Nf6 9. Bg5 O-O 10. c3 Be6 11. Nd2 h6 12. Bh4 Nd5 13. Bg3 Bf6 14. Qc2 Bxe5
15. Bxe5 Qd7 16. Qd3 f6 17. Bg3 Bf5 18. Ne4 Bh7 19. Qd2 Bxe4 20. Rxe4 f5 21.
Re5 f4 22. Bh4 g5 23. Bxg5 hxg5 24. Rxg5+ 1/2-1/2

[Event "1.Deut.ChessOrgAmatPok Voelklingen GrC"]
[Site "?"]
[Date "2000.10.13"]
[Round "8"]
[White "Gietzen, Daniel"]
[Black "Cara, Bogdan"]
[Result "1-0"]
[WhiteElo "1000"]
[BlackElo "1331"]
[PlyCount "95"]
[EventDate "2000.??.??"]

1. e4 e6 2. d4 d5 3. Nd2 c5 4. Ngf3 Nc6 5. Bb5 cxd4 6. Nxd4 Qb6 7. N2b3 Bd7 8.
exd5 exd5 9. Be3 Nxd4 10. Bxd7+ Kxd7 11. Bxd4 Qc7 12. O-O b6 13. Qg4+ Kc6 14.
Bxg7 h5 15. Qa4+ Kb7 16. Bxh8 f6 17. Qd4 Qf7 18. Rfd1 Rd8 19. c4 Be7 20. cxd5
Nh6 21. Bxf6 Bxf6 22. Qe4 Bxb2 23. d6+ Kb8 24. Rab1 Ba3 25. d7 Rxd7 26. Rxd7
Qxd7 27. Qf4+ Qd6 28. Qxd6+ Bxd6 29. Rd1 Nf5 30. Nd4 Nxd4 31. Rxd4 Kc7 32. h4
Kc6 33. Rc4+ Kb5 34. Rc8 Ka4 35. Kf1 Ka3 36. Rc2 b5 37. Ke2 b4 38. Kd3 b3 39.
axb3 Kxb3 40. Rc6 Bb4 41. Rh6 a5 42. Rxh5 a4 43. Rh8 a3 44. Ra8 a2 45. h5 Kb2
46. h6 Bf8 47. h7 Bg7 48. g4 1-0

[Event "1.Deut.ChessOrgAmatPok Voelklingen GrC"]
[Site "?"]
[Date "2000.10.13"]
[Round "8"]
[White "Schwabe, Manfred"]
[Black "Kirschner, Gerhard Dr."]
[Result "1/2-1/2"]
[WhiteElo "1675"]
[BlackElo "1401"]
[PlyCount "53"]
[EventDate "2000.??.??"]

1. Nf3 Nf6 2. c4 d6 3. d4 g6 4. Nc3 Bg7 5. g3 O-O 6. Bg2 c6 7. O-O a6 8. e3
Nbd7 9. a4 Re8 10. Qc2 Nb6 11. Nd2 e6 12. Rb1 d5 13. c5 Nbd7 14. b4 Rb8 15. a5
e5 16. dxe5 Nxe5 17. Bb2 Bf5 18. e4 Nxe4 19. Ncxe4 dxe4 20. Nxe4 Qd3 21. Qxd3
Nxd3 22. Bxg7 Kxg7 23. f3 Ne5 24. Rbd1 Nc4 25. Nd6 Nxd6 26. Rxd6 Rbd8 27. Rfd1
1/2-1/2

[Event "1.Deut.ChessOrgAmatPok Voelklingen GrC"]
[Site "?"]
[Date "2000.10.13"]
[Round "8"]
[White "Schackmann, Ralf"]
[Black "Schreiber, Winfried"]
[Result "1-0"]
[WhiteElo "1000"]
[BlackElo "1452"]
[PlyCount "53"]
[EventDate "2000.??.??"]

1. e4 c5 2. Nf3 Nc6 3. Nc3 e6 4. Bc4 a6 5. b3 b5 6. Bd3 d6 7. Bb2 Nf6 8. h3 Bb7
9. a3 Be7 10. Qe2 Qc7 11. Nd1 e5 12. c4 b4 13. axb4 Nxb4 14. Nc3 Bc6 15. Bb1
O-O 16. d3 Qb7 17. Qd1 Ne8 18. Na2 f5 19. Nc3 Nc7 20. Qd2 Ne6 21. Nd5 fxe4 22.
dxe4 Nd4 23. Nxd4 Nxd5 24. exd5 cxd4 25. dxc6 Qxb3 26. c5 dxc5 27. Ba2 1-0

[Event "1.Deut.ChessOrgAmatPok Voelklingen GrC"]
[Site "?"]
[Date "2000.10.13"]
[Round "8"]
[White "van Hove, Ode"]
[Black "Bastian, Stephan"]
[Result "1-0"]
[WhiteElo "1447"]
[BlackElo "491"]
[PlyCount "37"]
[EventDate "2000.??.??"]

1. e4 e5 2. Nf3 Nc6 3. Bc4 Nf6 4. d4 exd4 5. Ng5 Ne5 6. Qxd4 Nxc4 7. Qxc4 d5 8.
exd5 Nxd5 9. O-O Qxg5 10. Bxg5 Be6 11. Re1 h6 12. Bh4 g5 13. Bg3 c6 14. Nc3
O-O-O 15. Qa4 a6 16. Nxd5 Rxd5 17. Rad1 Rb5 18. Qd4 Bc5 19. Qxh8+ 1-0

[Event "1.Deut.ChessOrgAmatPok Voelklingen GrC"]
[Site "?"]
[Date "2000.10.13"]
[Round "8"]
[White "Stoeckchen, Andreas"]
[Black "Braun, Konstantin"]
[Result "1/2-1/2"]
[WhiteElo "1383"]
[BlackElo "282"]
[PlyCount "62"]
[EventDate "2000.??.??"]

1. f4 Nc6 2. Nf3 g6 3. g3 Bg7 4. Bg2 d5 5. d4 Nf6 6. Nc3 O-O 7. O-O Bg4 8. e3
Ne4 9. Bd2 Qd7 10. Ne2 Bh3 11. Bxh3 Qxh3 12. Nc3 Nf6 13. Qe2 Rad8 14. Qg2 Qf5
15. Rfc1 Nb4 16. Ne1 b6 17. a3 Na6 18. Qe2 Nb8 19. b4 Nbd7 20. Nf3 c5 21. bxc5
bxc5 22. dxc5 Nxc5 23. Nd4 Qc8 24. Rab1 Nfe4 25. Nxe4 Nxe4 26. Ba5 Nc3 27. Bxc3
Qxc3 28. Rb3 Qc5 29. c3 Rb8 30. Qb2 Rxb3 31. Qxb3 Bxd4 1/2-1/2

[Event "1.Deut.ChessOrgAmatPok Voelklingen GrC"]
[Site "?"]
[Date "2000.10.13"]
[Round "8"]
[White "Weinz, Andre"]
[Black "Zimmer, Bernhard"]
[Result "0-1"]
[WhiteElo "1288"]
[BlackElo "729"]
[PlyCount "34"]
[EventDate "2000.??.??"]

1. e4 d6 2. Nc3 Nf6 3. Nf3 g6 4. Bc4 Bg7 5. O-O Nc6 6. Ng5 e6 7. Bb5 Bd7 8. d4
a6 9. Bxc6 Bxc6 10. d5 exd5 11. exd5 Bd7 12. Qf3 O-O 13. Nce4 Nxd5 14. Nf6+
Bxf6 15. Qxd5 Bc6 16. Qd2 Re8 17. c3 Bxg5 0-1

[Event "1.DeutChessOrgAmatPokVoelklingen GrAB"]
[Site "?"]
[Date "2000.10.14"]
[Round "9"]
[White "Welz, Peter Dr."]
[Black "Lang, Torsten"]
[Result "0-1"]
[WhiteElo "2169"]
[BlackElo "2291"]
[PlyCount "49"]
[EventDate "2000.??.??"]

1. e4 d6 2. d4 Nf6 3. Nc3 Nbd7 4. Nf3 e5 5. Bc4 Be7 6. dxe5 dxe5 7. Bxf7+ Kxf7
8. Ng5+ Kg6 9. h4 h5 10. f4 exf4 11. Ne2 Bd6 12. e5 Nxe5 13. Nxf4+ Kh6 14. c3
Re8 15. Kf1 Qd7 16. Rh3 Qb5+ 17. Kg1 Bc5+ 18. Kh1 Bg4 19. Rf3 Bxf3 20. Nxf3
Nxf3 21. Nxh5+ Kh7 22. Nxf6+ gxf6 23. Qxf3 Re1+ 24. Kh2 Bd6+ 25. Bf4 0-1

[Event "1.DeutChessOrgAmatPokVoelklingen GrAB"]
[Site "?"]
[Date "2000.10.14"]
[Round "9"]
[White "Bastian, Herbert"]
[Black "Packroff, Hermann"]
[Result "1/2-1/2"]
[WhiteElo "2354"]
[BlackElo "2250"]
[PlyCount "35"]
[EventDate "2000.??.??"]

1. e4 Nf6 2. e5 Nd5 3. d4 d6 4. Nf3 g6 5. Bc4 Nb6 6. Bb3 Bg7 7. Ng5 d5 8. f4
O-O 9. O-O f6 10. Nf3 Bg4 11. h3 Bxf3 12. Rxf3 fxe5 13. fxe5 Rxf3 14. Qxf3 Qd7
15. a4 Nc6 16. c3 a5 17. Qe2 Rf8 18. Be3 1/2-1/2

[Event "1.DeutChessOrgAmatPokVoelklingen GrAB"]
[Site "?"]
[Date "2000.10.14"]
[Round "9"]
[White "Wilmes, Marcel"]
[Black "Lacrosse, Marc"]
[Result "0-1"]
[WhiteElo "1820"]
[BlackElo "2298"]
[PlyCount "54"]
[EventDate "2000.??.??"]

1. e4 e5 2. d4 exd4 3. Qxd4 Nc6 4. Qe3 Nf6 5. Nc3 Bb4 6. Bd2 O-O 7. O-O-O Re8
8. Bc4 d6 9. Bd3 d5 10. Qf4 Bd6 11. Qh4 dxe4 12. Nxe4 Nxe4 13. Qxd8 Nxd8 14.
Re1 f5 15. f3 Nf6 16. Rxe8+ Nxe8 17. Nh3 Nf7 18. Re1 Kf8 19. g3 Bd7 20. Ng5
Nxg5 21. Bxg5 h6 22. Bd2 Nf6 23. Bc3 Kf7 24. Bc4+ Kg6 25. Be6 Re8 26. Bxd7
Rxe1+ 27. Bxe1 Nxd7 0-1

[Event "1.DeutChessOrgAmatPokVoelklingen GrAB"]
[Site "?"]
[Date "2000.10.14"]
[Round "9"]
[White "Morenko, Dimitro"]
[Black "Becker, Thomas"]
[Result "1/2-1/2"]
[WhiteElo "2112"]
[BlackElo "2175"]
[PlyCount "50"]
[EventDate "2000.??.??"]

1. c4 e5 2. Nc3 Nf6 3. g3 d5 4. cxd5 Nxd5 5. Bg2 Nb6 6. Nf3 Nc6 7. O-O Be7 8.
d3 O-O 9. Be3 Re8 10. Na4 Nd4 11. Nxb6 Nxf3+ 12. Bxf3 axb6 13. a3 Bg5 14. Bxg5
Qxg5 15. Qb3 Qd8 16. Rfc1 c6 17. Qc3 b5 18. Qc5 Qf6 19. Rc3 Qe7 20. Qxe7 Rxe7
21. Rac1 Be6 22. Be4 f6 23. Kf1 g6 24. h4 Kg7 25. Ke1 Rae8 1/2-1/2

[Event "1.DeutChessOrgAmatPokVoelklingen GrAB"]
[Site "?"]
[Date "2000.10.14"]
[Round "9"]
[White "Will, Mathias"]
[Black "Becking, Franz Josef"]
[Result "1-0"]
[WhiteElo "2000"]
[BlackElo "2095"]
[PlyCount "61"]
[EventDate "2000.??.??"]

1. d4 d5 2. Nf3 Nf6 3. Bg5 Nbd7 4. Nbd2 e6 5. e3 Be7 6. Bd3 h6 7. Bh4 c5 8. c3
c4 9. Bb1 b5 10. O-O Bb7 11. Re1 O-O 12. e4 Nxe4 13. Bxe7 Qxe7 14. Nxe4 dxe4
15. Bxe4 Nf6 16. Bxb7 Qxb7 17. Qe2 Qd5 18. Ne5 Nd7 19. Qg4 Nf6 20. Qh4 b4 21.
Re3 bxc3 22. bxc3 Rab8 23. Rae1 Rb2 24. h3 Qb5 25. Rg3 Kh7 26. Ree3 Rxa2 27.
Rxg7+ Kxg7 28. Rg3+ Kh7 29. Qxf6 Qb1+ 30. Kh2 Rg8 31. Qxf7+ 1-0

[Event "1.DeutChessOrgAmatPokVoelklingen GrAB"]
[Site "?"]
[Date "2000.10.14"]
[Round "9"]
[White "Schwarz, Karsten"]
[Black "Bertino, Paolo"]
[Result "0-1"]
[WhiteElo "1909"]
[BlackElo "2136"]
[PlyCount "54"]
[EventDate "2000.??.??"]

1. e4 d5 2. exd5 Qxd5 3. Nc3 Qa5 4. d4 Nf6 5. Bd2 c6 6. Bc4 Bf5 7. Qf3 Bg4 8.
Qg3 e6 9. Nd5 Qxd2+ 10. Kxd2 Ne4+ 11. Ke3 Nxg3 12. Nc7+ Kd8 13. Nxa8 Nxh1 14.
f3 Bf5 15. c3 Nd7 16. Ne2 Nf2 17. Kxf2 Bd6 18. g3 Kc8 19. g4 Bg6 20. h4 h6 21.
Ng3 Bxg3+ 22. Kxg3 Kb8 23. h5 Bh7 24. Re1 Re8 25. d5 cxd5 26. Bxd5 Nf6 27. Bb3
Kxa8 0-1

[Event "1.DeutChessOrgAmatPokVoelklingen GrAB"]
[Site "?"]
[Date "2000.10.14"]
[Round "9"]
[White "Reinke, Kurt"]
[Black "Hilpisch, Ralf"]
[Result "1/2-1/2"]
[WhiteElo "1841"]
[BlackElo "1932"]
[PlyCount "29"]
[EventDate "2000.??.??"]

1. d4 f5 2. e4 fxe4 3. f3 d5 4. Bg5 Nf6 5. Nc3 Bf5 6. Qe2 Qd7 7. O-O-O Nc6 8.
Bxf6 exf6 9. fxe4 dxe4 10. Nxe4 O-O-O 11. Nc5 Nxd4 12. Nxd7 Nxe2+ 13. Bxe2 Rxd7
14. Rxd7 Bxd7 15. Nf3 1/2-1/2

[Event "1.DeutChessOrgAmatPokVoelklingen GrAB"]
[Site "?"]
[Date "2000.10.14"]
[Round "9"]
[White "Busche, Stephan"]
[Black "Braun, Burckhard"]
[Result "1-0"]
[WhiteElo "2136"]
[BlackElo "1965"]
[PlyCount "67"]
[EventDate "2000.??.??"]

1. e4 c5 2. Nf3 Nc6 3. d4 cxd4 4. Nxd4 g6 5. Nc3 Bg7 6. Be3 a6 7. Qd2 e6 8.
O-O-O Nge7 9. Nb3 O-O 10. Bh6 f5 11. Bxg7 Kxg7 12. h4 fxe4 13. h5 Nf5 14. hxg6
hxg6 15. Nxe4 d5 16. Ng5 Rh8 17. Bd3 e5 18. Nc5 Qa5 19. Qxa5 Nxa5 20. Rxh8 Kxh8
21. Nf7+ Kg7 22. Nxe5 Ne7 23. Be2 b6 24. Na4 b5 25. Nb6 Rb8 26. Nxd5 Nf5 27. b4
Bb7 28. bxa5 Re8 29. f4 g5 30. Bf3 gxf4 31. Ng4 Nd6 32. Nc7 Bxf3 33. gxf3 Rc8
34. Rxd6 1-0

[Event "1.DeutChessOrgAmatPokVoelklingen GrAB"]
[Site "?"]
[Date "2000.10.14"]
[Round "9"]
[White "Mischke, Luis"]
[Black "Blasius, Stefan"]
[Result "1-0"]
[WhiteElo "2063"]
[BlackElo "1717"]
[PlyCount "68"]
[EventDate "2000.??.??"]

1. c4 Nf6 2. Nc3 e5 3. g3 d5 4. cxd5 Nxd5 5. Bg2 c6 6. Nf3 Bd6 7. O-O O-O 8.
Qb3 Nb6 9. Rd1 Be6 10. Qc2 Na6 11. d4 Nb4 12. Qb1 exd4 13. Nxd4 N4d5 14. Nxe6
fxe6 15. e4 Nxc3 16. bxc3 Qf6 17. Qc2 Bc5 18. Rf1 Nc4 19. a4 Rad8 20. Ra2 Rd7
21. Qe2 b5 22. Qh5 e5 23. Bg5 Qd6 24. Bh3 Rdf7 25. Qe2 h6 26. Bc1 Rxf2 27. Rxf2
Rxf2 28. Qxf2 Qd1+ 29. Kg2 Bxf2 30. Be6+ Kh7 31. axb5 Qg1+ 32. Kh3 cxb5 33.
Bxc4 bxc4 34. Ba3 Qf1+ 1-0

[Event "1.Deut.ChessOrgAmatPok Voelklingen Sen"]
[Site "?"]
[Date "2000.10.14"]
[Round "9"]
[White "Gerhardt, Peter-Michael"]
[Black "Leschhorn, Heinrich"]
[Result "1/2-1/2"]
[WhiteElo "2145"]
[BlackElo "1817"]
[PlyCount "92"]
[EventDate "2000.??.??"]

1. d4 f5 2. e4 fxe4 3. Nc3 Nf6 4. Bg5 Nc6 5. d5 Ne5 6. Qd4 Nf7 7. Bxf6 exf6 8.
Nxe4 f5 9. Nc3 g6 10. Bc4 d6 11. O-O-O Bh6+ 12. f4 O-O 13. Nf3 Bg7 14. Qd2 a6
15. Nd4 Bxd4 16. Qxd4 b5 17. Be2 Nh6 18. h4 Qf6 19. h5 Qxd4 20. Rxd4 Kg7 21. a4
Bd7 22. axb5 axb5 23. Kd2 Rfb8 24. Rb4 Ra5 25. hxg6 hxg6 26. Bf3 Ng8 27. Ne2
Ra4 28. Kc3 Nf6 29. Ng3 Re8 30. Rxa4 bxa4 31. Kd4 Rb8 32. Rb1 Rb4+ 33. Kc3 Rb5
34. Kd2 Rc5 35. Ne2 Nxd5 36. g3 Nf6 37. Ra1 d5 38. c3 Ne4+ 39. Kc2 Ra5 40. Kc1
c5 41. Kc2 Bb5 42. g4 Bxe2 43. Bxe2 c4 44. gxf5 gxf5 45. Bf3 Kf6 46. Rd1 Ke6
1/2-1/2

[Event "1.Deut.ChessOrgAmatPok Voelklingen Sen"]
[Site "?"]
[Date "2000.10.14"]
[Round "9"]
[White "Escher, Helmut"]
[Black "Will, Michael"]
[Result "1-0"]
[WhiteElo "2036"]
[BlackElo "1907"]
[PlyCount "77"]
[EventDate "2000.??.??"]

1. e4 c6 2. d4 g6 3. Bd3 d5 4. e5 h5 5. Ne2 Nh6 6. h3 Bf5 7. c3 Bxd3 8. Qxd3
Nf5 9. Nd2 e6 10. Nf3 Be7 11. Bd2 Qb6 12. O-O-O Nd7 13. g4 Ng7 14. Ng5 Rf8 15.
f4 O-O-O 16. Ng3 Kb8 17. gxh5 Nxh5 18. Nxh5 gxh5 19. f5 exf5 20. Rhf1 c5 21.
Rxf5 Rc8 22. Kb1 c4 23. Qc2 f6 24. e6 Ne5 25. Nh7 Rh8 26. dxe5 fxe5 27. Ng5 Qa5
28. Rxe5 Rc5 29. Bc1 Rhc8 30. Nf3 R8c6 31. Nd4 Ra6 32. a3 Qc7 33. Rxh5 b5 34.
Rf1 Qd8 35. Rf7 Rc7 36. Rhh7 Bd6 37. Qf5 Rb6 38. Bf4 Rxf7 39. Bxd6+ 1-0

[Event "1.Deut.ChessOrgAmatPok Voelklingen Sen"]
[Site "?"]
[Date "2000.10.14"]
[Round "9"]
[White "Haasper, Peter"]
[Black "Gimber, Robert"]
[Result "1/2-1/2"]
[WhiteElo "1782"]
[BlackElo "1684"]
[PlyCount "60"]
[EventDate "2000.??.??"]

1. d4 Nf6 2. c4 g6 3. Nc3 Bg7 4. e4 d6 5. Be2 O-O 6. Bg5 c5 7. d5 Qa5 8. Bd2
Qd8 9. Qc1 Na6 10. Nf3 Nc7 11. O-O e6 12. Bh6 e5 13. Bxg7 Kxg7 14. a3 Nfe8 15.
Nd2 f5 16. f4 Qh4 17. fxe5 dxe5 18. Qe1 Qxe1 19. Rfxe1 Nd6 20. Bd3 f4 21. Nf3
Nf7 22. b4 b6 23. bxc5 bxc5 24. Rab1 Na6 25. Rb2 Bg4 26. Rb7 Bxf3 27. gxf3 Kf6
28. Reb1 Rfb8 29. Rxb8 Rxb8 30. Rxb8 Nxb8 1/2-1/2

[Event "1.Deut.ChessOrgAmatPok Voelklingen Sen"]
[Site "?"]
[Date "2000.10.14"]
[Round "9"]
[White "Wolf, Alfred"]
[Black "Simon, Eberhard"]
[Result "0-1"]
[WhiteElo "1800"]
[BlackElo "1847"]
[PlyCount "38"]
[EventDate "2000.??.??"]

1. c4 Nf6 2. Nc3 e5 3. Nf3 Nc6 4. d4 exd4 5. Nxd4 Bb4 6. Nc2 Bxc3+ 7. bxc3 O-O
8. Bg5 d6 9. e3 Ne5 10. Be2 h6 11. Bh4 Ng6 12. Bg3 Ne4 13. Qd3 Bf5 14. Nd4 Nxg3
15. Nxf5 Nxh1 16. Qd4 Ne5 17. f4 Nd7 18. g3 Rc8 19. O-O-O Qf6 0-1

[Event "1.Deut.ChessOrgAmatPok Voelklingen Sen"]
[Site "?"]
[Date "2000.10.14"]
[Round "9"]
[White "Backes, Robert"]
[Black "Pukropski, Walter"]
[Result "0-1"]
[WhiteElo "1642"]
[BlackElo "1796"]
[PlyCount "46"]
[EventDate "2000.??.??"]

1. e4 d6 2. d4 Nf6 3. Nc3 c6 4. Bg5 Nbd7 5. f4 Qc7 6. Nf3 b6 7. Bd3 Bb7 8. Qe2
e6 9. Bxf6 gxf6 10. g4 Be7 11. h4 a5 12. a4 e5 13. dxe5 dxe5 14. O-O-O exf4 15.
g5 O-O-O 16. Bc4 Rhf8 17. Ba6 Ne5 18. Bxb7+ Kxb7 19. gxf6 Bxf6 20. Nxe5 Bxe5
21. Qf3 Qe7 22. Ne2 Qb4 23. Rxd8 Rxd8 0-1

[Event "1.Deut.ChessOrgAmatPok Voelklingen Sen"]
[Site "?"]
[Date "2000.10.14"]
[Round "9"]
[White "Schampel, Arno"]
[Black "Scheerer, Helmut"]
[Result "1/2-1/2"]
[WhiteElo "1755"]
[BlackElo "1851"]
[PlyCount "61"]
[EventDate "2000.??.??"]

1. d4 Nf6 2. Nf3 e6 3. Bg5 Be7 4. c4 b6 5. Nc3 Bb7 6. e3 O-O 7. g3 Na6 8. Bg2
c5 9. O-O cxd4 10. exd4 Rc8 11. b3 Nb4 12. Re1 Ba8 13. Rc1 d5 14. cxd5 Nbxd5
15. Nxd5 Nxd5 16. Bxe7 Nxe7 17. Qd3 Nf5 18. Rxc8 Qxc8 19. g4 Ne7 20. Ng5 Ng6
21. Be4 Bxe4 22. Qxe4 h6 23. Nf3 Qd8 24. Rc1 Qd6 25. Rc6 Qa3 26. Qc2 Ne7 27.
Rc4 Nd5 28. Ra4 Qe7 29. Rc4 a5 30. a4 Nf6 31. Ne5 1/2-1/2

[Event "1.Deut.ChessOrgAmatPok Voelklingen Sen"]
[Site "?"]
[Date "2000.10.14"]
[Round "9"]
[White "Moeckel, Edgar Dr."]
[Black "Hennige, Anneliese"]
[Result "1-0"]
[WhiteElo "2107"]
[BlackElo "100"]
[PlyCount "87"]
[EventDate "2000.??.??"]

1. d4 d5 2. Nf3 Nf6 3. c4 c6 4. Nc3 g6 5. e3 Bg7 6. b3 O-O 7. Bb2 Nbd7 8. Qd2
a6 9. a4 Qc7 10. Bd3 e5 11. dxe5 Nxe5 12. Nxe5 Qxe5 13. Nxd5 Qd6 14. Nf4 Bd7
15. O-O Rfe8 16. Rad1 Qe7 17. h3 a5 18. Rfe1 Ne4 19. Bxe4 Qxe4 20. Bxg7 Kxg7
21. Qxd7 Qe7 22. Qd4+ Kg8 23. Qd6 Kf8 24. g3 Rad8 25. Qxe7+ Kxe7 26. h4 h5 27.
Kf1 Kf8 28. c5 Ke7 29. Ke2 Rd7 30. Rxd7+ Kxd7 31. Rd1+ Ke7 32. Kf3 Rd8 33. Rxd8
Kxd8 34. e4 Ke7 35. e5 Ke8 36. Ke4 Ke7 37. f3 Kf8 38. g4 hxg4 39. fxg4 Kg7 40.
e6 Kf8 41. Ke5 Ke7 42. Nxg6+ fxg6 43. h5 gxh5 44. gxh5 1-0

[Event "1.Deut.ChessOrgAmatPok Voelklingen Sen"]
[Site "?"]
[Date "2000.10.14"]
[Round "9"]
[White "Dunkel, Horst"]
[Black "Wolf, Margot"]
[Result "1/2-1/2"]
[WhiteElo "1851"]
[BlackElo "1166"]
[PlyCount "24"]
[EventDate "2000.??.??"]

1. Nf3 d5 2. g3 Nf6 3. Bg2 Nc6 4. d4 Bf5 5. Nbd2 h6 6. e3 e6 7. O-O Ne4 8. c3
Nxd2 9. Nxd2 Na5 10. Qa4+ c6 11. b4 b5 12. Qc2 Nb7 1/2-1/2

[Event "1.Deut.ChessOrgAmatPok Voelklingen GrC"]
[Site "?"]
[Date "2000.10.14"]
[Round "9"]
[White "Mueller, Ronny"]
[Black "Pillath, Marcus"]
[Result "0-1"]
[WhiteElo "1433"]
[BlackElo "1338"]
[PlyCount "94"]
[EventDate "2000.??.??"]

1. d4 c6 2. e4 d5 3. exd5 cxd5 4. Bd3 Nf6 5. Bf4 Nc6 6. c3 e6 7. Nf3 Bd6 8.
Bxd6 Qxd6 9. O-O O-O 10. Nbd2 Re8 11. Re1 h6 12. Qc2 Bd7 13. Nb3 b6 14. h3 e5
15. dxe5 Nxe5 16. Nxe5 Rxe5 17. Rxe5 Qxe5 18. Nd4 Qg5 19. Kh1 Qe5 20. Rd1 Re8
21. Nf3 Qf4 22. Nd4 Ne4 23. Bxe4 Rxe4 24. Nf3 Bxh3 25. Rd3 Bg4 26. Ng1 Bf5 27.
g3 Qg5 28. Qd1 Re8 29. Nf3 Qh5+ 30. Nh2 Qxd1+ 31. Rxd1 Re2 32. Kg1 Rxb2 33. Nf1
Rxa2 34. Rxd5 Be6 35. Rd8+ Kh7 36. Ne3 Ra1+ 37. Kg2 a5 38. Rb8 Rc1 39. c4 Bxc4
40. Nxc4 Rxc4 41. Rxb6 Ra4 42. Rb7 f6 43. Ra7 Ra1 44. g4 a4 45. f4 a3 46. Kf2
a2 47. Ke2 Rh1 0-1

[Event "1.Deut.ChessOrgAmatPok Voelklingen GrC"]
[Site "?"]
[Date "2000.10.14"]
[Round "9"]
[White "Umla, Rudolf"]
[Black "Kemmer, Josef"]
[Result "1/2-1/2"]
[WhiteElo "1617"]
[BlackElo "1534"]
[PlyCount "53"]
[EventDate "2000.??.??"]

1. e4 c5 2. Nf3 e6 3. d4 cxd4 4. Nxd4 Be7 5. Be2 Nf6 6. Nc3 O-O 7. O-O a6 8.
Be3 d6 9. f4 Qc7 10. Qe1 b5 11. Bd3 Bb7 12. a3 Nbd7 13. Qg3 Nc5 14. e5 Nfe4 15.
Nxe4 Nxe4 16. Bxe4 Bxe4 17. c3 dxe5 18. fxe5 Rfd8 19. Rae1 Rd5 20. Qf4 Bg6 21.
Nf3 Bc5 22. Bxc5 Qxc5+ 23. Nd4 a5 24. Kh1 b4 25. axb4 axb4 26. Nf3 bxc3 27.
bxc3 1/2-1/2

[Event "1.Deut.ChessOrgAmatPok Voelklingen Sen"]
[Site "?"]
[Date "2000.10.14"]
[Round "9"]
[White "Woelk, Peter"]
[Black "Kuhn, Heinz"]
[Result "0-1"]
[WhiteElo "1516"]
[BlackElo "1678"]
[PlyCount "66"]
[EventDate "2000.??.??"]

1. d4 c5 2. d5 d6 3. c4 Na6 4. Nc3 Nc7 5. h3 a6 6. Bg5 b5 7. cxb5 axb5 8. e4 h6
9. Bh4 g5 10. Bg3 Bd7 11. Bd3 Bg7 12. Qd2 Nf6 13. Nf3 c4 14. Bb1 Na6 15. O-O
Nc5 16. Bc2 b4 17. e5 bxc3 18. bxc3 Nfe4 19. Qe3 Bf5 20. Bxe4 Nxe4 21. Nd4 Nxg3
22. fxg3 Bd3 23. Nc6 Qc7 24. exd6 Qxd6 25. Rfe1 Bxc3 26. Nxe7 Kd7 27. Qf3 Bxe1
28. Rxe1 Rae8 29. Qe3 Qa6 30. Qf3 Rh7 31. d6 f5 32. Qd5 Be4 33. Qe6+ Kxe6 0-1

[Event "1.Deut.ChessOrgAmatPok Voelklingen GrC"]
[Site "?"]
[Date "2000.10.14"]
[Round "9"]
[White "Gietzen, Daniel"]
[Black "Bruene, Gerhard Prf."]
[Result "1/2-1/2"]
[WhiteElo "1000"]
[BlackElo "1345"]
[PlyCount "48"]
[EventDate "2000.??.??"]

1. e4 c5 2. Nf3 Nc6 3. d4 cxd4 4. Nxd4 d6 5. Nc3 Nf6 6. Bg5 e5 7. Ndb5 a6 8.
Bxf6 gxf6 9. Na3 b5 10. Nd5 f5 11. f3 fxe4 12. g3 Bg7 13. fxe4 O-O 14. Qd2 Be6
15. Bg2 Rb8 16. O-O-O Nd4 17. c3 Bxd5 18. exd5 Nf5 19. Kb1 a5 20. Nc2 Qb6 21.
a3 Qc5 22. g4 Ne7 23. h4 f6 24. h5 h6 1/2-1/2

[Event "1.Deut.ChessOrgAmatPok Voelklingen GrC"]
[Site "?"]
[Date "2000.10.14"]
[Round "9"]
[White "Schroeder, Werner"]
[Black "Schwabe, Manfred"]
[Result "1/2-1/2"]
[WhiteElo "1620"]
[BlackElo "1675"]
[PlyCount "76"]
[EventDate "2000.??.??"]

1. e4 e6 2. d4 d5 3. e5 c5 4. dxc5 Nc6 5. Nf3 Bxc5 6. Bd3 Qc7 7. Bf4 Qb6 8. O-O
Nge7 9. Nbd2 Ng6 10. Bxg6 hxg6 11. Nb3 Be7 12. c3 Bd7 13. Qc2 a6 14. Rad1 Na5
15. Be3 Qc7 16. Nxa5 Qxa5 17. b4 Qc7 18. Qb2 Bb5 19. Rfe1 Rc8 20. Bd4 g5 21.
Nd2 f6 22. Nb3 b6 23. g3 f5 24. Qd2 Kf7 25. Qe3 Rb8 26. f4 Rh5 27. Re2 g6 28.
Rf2 gxf4 29. Qxf4 Kg7 30. Qf3 Rf8 31. Nc1 Be8 32. Ne2 g5 33. Qe3 Bd8 34. Rg2
Rh6 35. h4 Rg6 36. hxg5 Rxg5 37. Nf4 Bf7 38. Rh2 Rh8 1/2-1/2

[Event "1.Deut.ChessOrgAmatPok Voelklingen GrC"]
[Site "?"]
[Date "2000.10.14"]
[Round "9"]
[White "Zimmer, Bernhard"]
[Black "Rossmanith, Frederic"]
[Result "0-1"]
[WhiteElo "729"]
[BlackElo "1450"]
[PlyCount "86"]
[EventDate "2000.??.??"]

1. Nf3 Nf6 2. d4 e6 3. c4 Bb4+ 4. Bd2 Bxd2+ 5. Nbxd2 d6 6. e4 O-O 7. e5 Nfd7 8.
Be2 dxe5 9. dxe5 Nc6 10. Ne4 Ndxe5 11. Qxd8 Rxd8 12. Nxe5 Nxe5 13. f4 Nc6 14.
Kf2 e5 15. fxe5 Bf5 16. Nc3 Nxe5 17. Rhd1 Bd3 18. Rd2 Bxe2 19. Rxe2 f6 20. b3
c6 21. Ne4 Rd4 22. h3 b6 23. c5 b5 24. a4 b4 25. Kg3 Rd3+ 26. Kf4 Rd4 27. Kf5
Nf7 28. Rd2 Rxd2 29. Nxd2 Rd8 30. Ne4 Rd4 31. Ke6 Rxe4+ 32. Kd7 Re2 33. Kxc6
Re6+ 34. Kd7 Re3 35. c6 Ne5+ 36. Kc7 Rc3 37. Re1 Rxc6+ 38. Kb7 Rc3 39. Re4 Rxb3
40. a5 Ra3 41. a6 b3 42. Kxa7 b2 43. Rb4 Nc6+ 0-1

[Event "1.Deut.ChessOrgAmatPok Voelklingen GrC"]
[Site "?"]
[Date "2000.10.14"]
[Round "9"]
[White "Conrad, Egon"]
[Black "Schackmann, Ralf"]
[Result "1-0"]
[WhiteElo "1643"]
[BlackElo "1000"]
[PlyCount "35"]
[EventDate "2000.??.??"]

1. d4 d5 2. c4 dxc4 3. e4 b5 4. a4 Ba6 5. axb5 Bxb5 6. Nc3 c6 7. b3 Qb6 8. bxc4
Ba6 9. Qa4 Qxd4 10. Nd5 f6 11. Nc7+ Kf7 12. Nxa8 e5 13. Nc7 Bc5 14. Be3 Qc3+
15. Bd2 Bxf2+ 16. Kxf2 Qxd2+ 17. Ne2 Bxc4 18. Qxc4+ 1-0